| 000 | 00639nam a22002057a 4500 | ||
|---|---|---|---|
| 003 | 0 | ||
| 005 | 20240905130546.0 | ||
| 008 | 240905b xxu||||| |||| 00| 0 eng d | ||
| 020 | _a978-93-575109-7-4 | ||
| 050 |
_aQ 335 _b.M182 2024 |
||
| 082 |
_aTR 006.3 _b.M182 2024 |
||
| 100 |
_aMadison, Rayan. _eauthor. |
||
| 245 |
_aArtificial intelligence : _bemerging technologies / _cRayan Madison. |
||
| 250 | _a1st ed. | ||
| 260 |
_aNew Delhi : _bRandom Publications LLP, _c2024. |
||
| 300 |
_ax, 280 p. : _bill. ; _c24 cm. |
||
| 504 | _aIncludes bibliographical references and index. | ||
| 650 | _aArtificial intelligence. | ||
| 942 |
_2lcc _cBK |
||
| 999 |
_c366180 _d366180 |
||